The necessary peace : nuclear weapons and superpower relations /

Bibliographic Details
Main Author: Snow, Donald M., 1943-
Format: Book
Language:English
Published: Lexington, Mass. : Lexington Books, [1987]
Subjects:

MARC

Tag First Indicator Second Indicator Subfields
LEADER 00000cam a2200000 a 4500
001 in00000013273
005 20151007052352.0
008 861217s1987 mau b 00110 eng
010 |a  86046293  
020 |a 066915332X (alk. paper) 
035 |a (OCoLC)15053076 
035 |9 AAA7487AM 
040 |a DLC  |c DLC  |d TXA  |d UtOrBLW 
043 |a n-us---  |a e-ur--- 
049 |a TXAM  |c [A11463315] 
050 0 0 |a JX1428.S65  |b S56 1987 
082 0 |a 327.73047  |2 19 
100 1 |a Snow, Donald M.,  |d 1943- 
245 1 4 |a The necessary peace :  |b nuclear weapons and superpower relations /  |c Donald M. Snow. 
264 1 |a Lexington, Mass. :  |b Lexington Books,  |c [1987] 
264 4 |c ©1987 
300 |a viii, 147 pages ;  |c 24 cm. 
336 |a text  |b txt  |2 rdacontent 
337 |a unmediated  |b n  |2 rdamedia 
338 |a volume  |b nc  |2 rdacarrier 
504 |a Bibliography: pages [133]-143. 
500 |a Includes index. 
651 0 |a United States  |x Foreign relations  |z Soviet Union. 
651 0 |a Soviet Union  |x Foreign relations  |z United States. 
650 0 |a Nuclear disarmament  |z Soviet Union. 
650 0 |a Nuclear disarmament  |z United States. 
999 |a MARS 
999 f f |s 525ce56f-7fad-3399-86b9-cbe9c2a772bf  |i 7ba0d480-c894-3521-a689-82a04a832a23  |t 0 
952 f f |p ric  |a Texas A&M University  |b Rellis Campus  |c Joint Library Facility  |d Remote Storage  |t 0  |e JX1428.S65 S56 1987  |h Library of Congress classification  |i unmediated -- volume  |m A14811463315 
998 f f |a JX1428.S65 S56 1987  |t 0  |l Remote Storage